Statistics for All Teams to Ever Take Part in the ICC Cricket World Cup

Click here to take the quiz!

General Stats

  • This quiz has been taken 3,669 times
    (3,017 since last reset)
  • The average score is 16 of 20

Answer Stats

Answer % Correct
Australia
99%
India
98%
England
97%
New Zealand
97%
Pakistan
97%
South Africa
94%
Ireland
93%
Bangladesh
91%
West Indies
91%
Sri Lanka
91%
Zimbabwe
86%
Scotland
85%
Afghanistan
83%
Kenya
80%
Canada
76%
Netherlands
72%
United Arab Emirates
57%
Namibia
47%
Bermuda
42%
East Africa
23%

Score Distribution

Percentile by Number Answered

Percent of People with Each Score

Your Score History

You have not taken this quiz since the last reset